Movies Quiz

Random Movies or Actor Quiz
Score 0/57 Timer 10:00
7 Plays Today
Role - Movie Actors % Correct
Danny Ocean
(Ocean's Eleven)
George Clooney
94.5%
Robert Morgan/Neville
(The Last Man on Earth/Omega Man/I Am Legend)
Will Smith
83.9%
Ren McCormack
(Footloose)
Kevin Bacon
82.6%
Buddy Love
(The Nutty Professor)
Eddie Murphy
80.5%
Jacques Clouseau
(The Pink Panther)
Steve Martin
73.8%
Paul Crewe
(The Longest Yard)
Adam Sandler
70.2%
Dick
(Fun with Dick and Jane)
Jim Carrey
68.7%
Danny Ocean
(Ocean's Eleven)
Frank Sinatra
67.7%
Rooster Cogburn
(True Grit)
John Wayne
66.9%
Paul Crewe
(The Longest Yard)
Burt Reynolds
62.9%
Rooster Cogburn
(True Grit)
Jeff Bridges
61.5%
Max Cady
(Cape Fear)
Robert De Niro
58.4%
George Lutz
(The Amityville Horror)
Ryan Reynolds
58.2%
Thomas Crown
(The Thomas Crown Affair)
Pierce Brosnan
57.9%
Shaft
(Shaft)
Samuel L. Jackson
55.9%
Charlie Croker
(The Italian Job)
Mark Wahlberg
52.1%
Blue/Ryder
(The Taking of Pelham 123)
John Travolta
52%
Arthur
(Arthur)
Russell Brand
49.5%
Arthur
(Arthur)
Dudley Moore
48.9%
Jacques Clouseau
(The Pink Panther)
Peter Sellers
47.1%
Klaatu
(The Day the Earth Stood Still)
Keanu Reeves
47%
Leo Bloom
(The Producers)
Matthew Broderick
46.5%
Ben Wade
(3:10 to Yuma)
Russell Crowe
44.6%
Morris Buttermaker
(The Bad News Bears)
Billy Bob Thornton
43.9%
Norman Bates
(Psycho)
Anthony Perkins
43.9%
Buddy Love
(The Nutty Professor)
Jerry Lewis
42.2%
Norman Bates
(Psycho)
Vince Vaughn
40.1%
Linus Larrabee
(Sabrina)
Harrison Ford
39.6%
Morris Buttermaker
(The Bad News Bears)
Walter Matthau
39.2%
Role - Movie Actors % Correct
Zeus
(Clash of the Titans)
Liam Neeson
36.8%
Ben Wade
(3:10 to Yuma)
Glenn Ford
35.1%
Thomas Crown
(The Thomas Crown Affair)
Steve McQueen
34.4%
Charlie Croker
(The Italian Job)
Michael Caine
33.4%
Freddy Krueger
(A Nightmare on Elm Street)
Robert Englund
32.5%
Arthur Bishop
(The Mechanic)
Jason Statham
31.7%
Robert Thorn
(The Omen)
Gregory Peck
30.8%
Leo Bloom
(The Producers)
Gene Wilder
27.4%
Robert Morgan/Neville
(The Last Man on Earth/Omega Man/I Am Legend)
Charlton Heston
25.2%
Linus Larrabee
(Sabrina)
Humphrey Bogart
24.3%
David Sumner
(Straw Dogs)
Dustin Hoffman
23.8%
Shaft
(Shaft)
Richard Roundtree
23.7%
Max Cady
(Cape Fear)
Robert Mitchum
23.6%
Jonathan E/Cross
(Rollerball)
James Caan
22.8%
Capt. Frank Towns
(The Flight of the Phoenix)
Dennis Quaid
20%
Capt. Frank Towns
(The Flight of the Phoenix)
James Stewart
16.3%
Zeus
(Clash of the Titans)
Laurence Olivier
16%
Arthur Bishop
(The Mechanic)
Charles Bronson
14.6%
George Lutz
(The Amityville Horror)
James Brolin
14.2%
Freddy Krueger
(A Nightmare on Elm Street)
Jackie Earle Haley
12%
David Sumner
(Straw Dogs)
James Marsden
10.6%
Dick
(Fun with Dick and Jane)
George Segal
9.9%
Jonathan E/Cross
(Rollerball)
Chris Klein
9.4%
Robert Thorn
(The Omen)
Liev Schreiber
8.6%
Blue/Ryder
(The Taking of Pelham 123)
Robert Shaw
8.5%
Robert Morgan/Neville
(The Last Man on Earth/Omega Man/I Am Legend)
Vincent Price
6.7%
Klaatu
(The Day the Earth Stood Still)
Michael Rennie
6.1%
Ren McCormack
(Footloose)
Kenny Wormald
4.6%

You're not logged in!

Compare scores with friends on all Sporcle quizzes.
OR
Log In

Sporcle TV

Today on Sporcle TV


Watch our educational content, quiz creation guides, and fun videos on Sporcle TV.

Show Comments

Extras

Top Quizzes Today


Score Distribution

Paid Content

Your Account Isn't Verified!

In order to create a playlist on Sporcle, you need to verify the email address you used during registration. Go to your Sporcle Settings to finish the process.

Report this User

Report this user for behavior that violates our Community Guidelines.

Details: